[Event "Welcome Tournament For New Players #3"]
[Site "SchemingMind.com"]
[Date "2006.07.30"]
[Round "-"]
[White "rxmena"]
[Black "unbreakable"]
[Result "0-1"]
[WhiteCountry "EGY"]
[BlackCountry "FRA"]
[WhiteElo "1101"]
[WhiteRD "143"]
[BlackElo "1758"]
[BlackRD "99"]
[GameID "61573"]

1. e4 c5 2. c3 Nf6 3. Nf3 d6 4. Be2 Bd7 5. d3 Bc6 6. O-O Nbd7 7. Na3 e6 8. b4 a6 9. Nc4 b6 10. bxc5 bxc5
11. Bb2 Be7 12. Re1 O-O 13. Bf1 Bb5 14. d4 Bxc4 15. Bxc4 Qc7 16. e5 Ne8 17. d5 Nb6 18. Qb3 exd5 19. Bxd5 Nxd5 20. Qxd5 Rb8
21. Rab1 dxe5
0-1

[Event "Welcome Tournament For New Players #3"]
[Site "SchemingMind.com"]
[Date "2006.07.29"]
[Round "-"]
[White "unbreakable"]
[Black "rxmena"]
[Result "1-0"]
[WhiteCountry "FRA"]
[BlackCountry "EGY"]
[WhiteElo "1613"]
[WhiteRD "138"]
[BlackElo "1226"]
[BlackRD "152"]
[GameID "61574"]

1. e4 e5 2. f4 d5 3. exd5 Qxd5 4. Nc3 Qe6 5. Nf3 Nc6 6. Bb5 exf4+ 7. Kf2 Ne7 8. Re1 Qd6 9. d4 Bd7 10. Ne4 Qb4
11. Bxc6 Bxc6 12. c3 Qb6 13. Ne5 Bxe4 14. Rxe4 f6 15. Qh5+
1-0

[Event "Welcome Tournament For New Players #3"]
[Site "SchemingMind.com"]
[Date "2006.07.29"]
[Round "-"]
[White "invacuo"]
[Black "rxmena"]
[Result "1-0"]
[WhiteCountry "USA"]
[BlackCountry "EGY"]
[WhiteElo "1361"]
[WhiteRD "143"]
[BlackElo "1101"]
[BlackRD "146"]
[GameID "61590"]

1. e4 e5 2. Nf3 Nf6 3. d4 d5 4. exd5 e4 5. Ne5 Nxd5 6. Bc4 Nc6 7. O-O Bd6 8. Bxd5 Nxe5 9. dxe5 Bxe5 10. Bxe4 Qh4
11. Re1 Qxh2+ 12. Kf1 O-O 13. g3 Qh3+ 14. Kg1 Bg4 15. Qd5 Bf6 16. Bg2 Qh5 17. Qxh5 Bxh5 18. Bf4 Bxb2 19. Nd2 Bxa1 20. Rxa1 c6
21. Re1 Rae8 22. Kf1 h6 23. Bd6 Rxe1+ 24. Kxe1 Re8+ 25. Ne4 f5 26. Bf1 Rxe4+ 27. Kd2 Rd4+ 28. Kc3 Rxd6 29. Bc4+ Kf8 30. a4
1-0

[Event "Welcome Tournament For New Players #3"]
[Site "SchemingMind.com"]
[Date "2006.07.29"]
[Round "-"]
[White "invacuo"]
[Black "unbreakable"]
[Result "0-1"]
[WhiteCountry "USA"]
[BlackCountry "FRA"]
[WhiteElo "1259"]
[WhiteRD "209"]
[BlackElo "1736"]
[BlackRD "111"]
[GameID "61591"]

1. e4 c5 2. Nf3 d6 3. d4 cxd4 4. Nxd4 Nf6 5. Nc3 a6 6. Bg5 e6 7. g3 Be7 8. f4 h6 9. Bxf6 Bxf6 10. Bc4 b5
11. Bb3 Bb7 12. O-O b4 13. Ba4+ Nd7 14. Nc6 Qb6+ 15. Nd4 Qxd4+ 16. Qxd4 Bxd4+ 17. Kh1 bxc3 18. bxc3 Bxe4+ 19. Rf3 Bxf3#
0-1

[Event "Welcome Tournament For New Players #3"]
[Site "SchemingMind.com"]
[Date "2006.07.30"]
[Round "-"]
[White "rxmena"]
[Black "invacuo"]
[Result "0-1"]
[WhiteCountry "EGY"]
[BlackCountry "USA"]
[WhiteElo "1226"]
[WhiteRD "152"]
[BlackElo "1333"]
[BlackRD "254"]
[GameID "61592"]

1. e4 c5 2. d4 cxd4 3. Nf3 Nc6 4. Nxd4 Nf6 5. Nc3 e5 6. Ndb5 a6 7. Nd6+ Ke7 8. Bg5 Nd4 9. Nf5+ Nxf5 10. exf5 Qa5
11. Be2 Ke8 12. O-O d5 13. Bxf6 gxf6 14. Nxd5 Be7 15. Nxe7 Kxe7 16. Qd3 Rd8 17. Qh3 Qd5 18. b3 Qe4 19. Bd3 Qc6 20. Qxh7 b5
21. Rfe1 Bb7 22. Be4 Qb6 23. Bxb7 Rh8 24. Qg7 Rag8 25. Rxe5+ fxe5 26. Qxe5+ Kf8 27. Re1 Qxb7 28. f6 Qxg2#
0-1

[Event "Welcome Tournament For New Players #3"]
[Site "SchemingMind.com"]
[Date "2006.07.29"]
[Round "-"]
[White "unbreakable"]
[Black "invacuo"]
[Result "0-1"]
[WhiteCountry "FRA"]
[BlackCountry "USA"]
[WhiteElo "1758"]
[WhiteRD "109"]
[BlackElo "1361"]
[BlackRD "146"]
[GameID "61593"]

1. e4 c5 2. Nf3 Nc6 3. Bc4 d6 4. Nc3 g6 5. d4 Bg7 6. d5 Ne5 7. Nxe5 Bxe5 8. Bb5+ Bd7 9. Bxd7+ Qxd7 10. O-O a6
11. Ne2 Nf6 12. Qd3 O-O 13. f4 Bd4+ 14. Nxd4 cxd4 15. Qxd4 b5 16. f5 Qa7 17. Qxa7 Rxa7 18. fxg6 hxg6 19. Re1 Rc7 20. c3 Ng4
21. h3 Ne5 22. a4 f5 23. axb5 axb5 24. Bh6 Rfc8 25. exf5 Kh7 26. Bg5 gxf5
0-1

[Event "Welcome Tournament For New Players #3"]
[Site "SchemingMind.com"]
[Date "2006.08.01"]
[Round "-"]
[White "Coloplast"]
[Black "rxmena"]
[Result "1-0"]
[WhiteCountry "SWE"]
[BlackCountry "EGY"]
[WhiteElo "1600"]
[WhiteRD "230"]
[BlackElo "1226"]
[BlackRD "152"]
[GameID "61997"]

1. c4 f5 2. Nc3 Nf6 3. d4 g6 4. Bf4 Bg7 5. e3 O-O 6. Nf3 d6 7. Qb3 Kh8 8. Be2 c6 9. O-O Nbd7 10. Ng5 Nb6
11. c5 Nbd5 12. cxd6 Nxf4 13. exf4 exd6 14. Nf7+ Rxf7 15. Qxf7 d5 16. Bf3 Bd7 17. Rfe1 Qc7 18. Re7 Rf8 19. Qxg7#
1-0

[Event "Welcome Tournament For New Players #3"]
[Site "SchemingMind.com"]
[Date "2006.08.01"]
[Round "-"]
[White "Coloplast"]
[Black "unbreakable"]
[Result "1-0"]
[WhiteCountry "SWE"]
[BlackCountry "FRA"]
[WhiteElo "1984"]
[WhiteRD "78"]
[BlackElo "1816"]
[BlackRD "98"]
[GameID "61998"]

1. c4 f5 2. Nc3 Nf6 3. g3 e6 4. Bg2 Be7 5. d4 O-O 6. Nf3 d6 7. O-O Ne4 8. Qc2 Nxc3 9. bxc3 Nc6 10. Ba3 e5
11. e3 f4 12. exf4 exf4 13. Bc1 Bf5 14. Qb3 fxg3 15. fxg3 Rb8 16. Bd2 Bd3 17. Rf2 Na5 18. Qd1 Bxc4 19. Qa4 b6 20. Re1 Bf6
21. Bf1 Bxf1 22. Rfxf1 d5 23. Bf4 g5 24. Be5 Bxe5 25. Nxe5
1-0

[Event "Welcome Tournament For New Players #3"]
[Site "SchemingMind.com"]
[Date "2006.08.01"]
[Round "-"]
[White "Coloplast"]
[Black "invacuo"]
[Result "1-0"]
[WhiteCountry "SWE"]
[BlackCountry "USA"]
[WhiteElo "1984"]
[WhiteRD "78"]
[BlackElo "1361"]
[BlackRD "131"]
[GameID "61999"]

1. c4 e5 2. Nc3 Nf6 3. g3 d5 4. cxd5 Nxd5 5. Bg2 Nb6 6. d3 Nc6 7. Bxc6+ bxc6 8. Nf3 Bb4 9. Bd2 f6 10. a3 Bxc3
11. Bxc3 Be6 12. O-O O-O 13. d4 e4 14. Nd2 f5 15. Qc2 Qd7 16. e3 Nc4 17. Bb4 Rf6 18. Nxc4 Qd5 19. Ne5 Bc8 20. Qc5 Qxc5
21. Bxc5 Rb8 22. b4 Rb7 23. Rfc1 g5 24. Be7 Re6 25. Bxg5 h6 26. Bf4 Kf8 27. Rxc6 Rxc6 28. Nxc6 Kg7 29. Na5 Rb5 30. Rc1 Kg6
31. Rxc7 Be6 32. Rxa7 Rb6 33. Rb7
1-0

[Event "Welcome Tournament For New Players #3"]
[Site "SchemingMind.com"]
[Date "2006.08.01"]
[Round "-"]
[White "rxmena"]
[Black "Coloplast"]
[Result "0-1"]
[WhiteCountry "EGY"]
[BlackCountry "SWE"]
[WhiteElo "1226"]
[WhiteRD "152"]
[BlackElo "1600"]
[BlackRD "230"]
[GameID "62001"]

1. e4 c5 2. d4 cxd4 3. c3 dxc3 4. Bc4 e6 5. Nxc3 Nc6 6. Nf3 Bb4 7. Bd2 Nge7 8. O-O O-O 9. a3 Bc5 10. b4 Bb6
11. Rc1 d5 12. Bb3 dxe4 13. Nxe4 Ng6 14. h4 a6 15. h5 Nge5 16. h6 g6 17. Bg5 Qxd1 18. Rfxd1 Nxf3+ 19. gxf3 Nd4 20. Bf6 Ne2+
21. Kg2 Nxc1 22. Bg7 f5 23. Rxc1 fxe4 24. Rxc8 exf3+ 25. Kg3 Raxc8 26. Bxe6+ Rf7 27. Bxc8 Bc7+ 28. Kg4 Rf4+ 29. Kh3 Kf7 30. Bxb7 a5
31. Bd5+ Ke8 32. Bg8 g5
0-1

[Event "Welcome Tournament For New Players #3"]
[Site "SchemingMind.com"]
[Date "2006.08.06"]
[Round "-"]
[White "unbreakable"]
[Black "Coloplast"]
[Result "0-1"]
[WhiteCountry "FRA"]
[BlackCountry "SWE"]
[WhiteElo "1758"]
[WhiteRD "94"]
[BlackElo "1999"]
[BlackRD "75"]
[GameID "62002"]

1. e4 g6 2. d4 Bg7 3. Nc3 d6 4. f4 Nd7 5. Nf3 c5 6. Bb5 cxd4 7. Nxd4 a6 8. Bxd7+ Bxd7 9. Be3 Nf6 10. h3 Bc6
11. Nxc6 bxc6 12. O-O O-O 13. Qf3 Qc7 14. Rad1 Rab8 15. b3 Nd7 16. Ne2 e6 17. c4 f5 18. Nd4 Rfe8 19. exf5 Bxd4 20. Bxd4 exf5
21. Ba1 Nc5 22. Qc3 Kf8 23. Qf6+ Qf7 24. Qxd6+ Qe7 25. Qxc6 Qe3+ 26. Kh1 Ne4 27. Rf3 Qe2 28. Qd7 Re7
0-1

[Event "Welcome Tournament For New Players #3"]
[Site "SchemingMind.com"]
[Date "2006.08.01"]
[Round "-"]
[White "invacuo"]
[Black "Coloplast"]
[Result "0-1"]
[WhiteCountry "USA"]
[BlackCountry "SWE"]
[WhiteElo "1361"]
[WhiteRD "131"]
[BlackElo "1984"]
[BlackRD "78"]
[GameID "62003"]

1. e4 c5 2. Nf3 Nc6 3. d4 cxd4 4. Nxd4 g6 5. c4 Bg7 6. Be3 d6 7. g3 Nf6 8. Bg2 O-O 9. Nc3 Bd7 10. O-O Nxd4
11. Bxd4 Bc6 12. Qd2 Qa5 13. Rfe1 Rac8 14. a3 a6 15. b4 Qc7 16. e5 Nd7 17. f4 Bxg2 18. Kxg2 Qxc4 19. Rac1 dxe5 20. Ne4 Qxd4
21. Rxc8 Qxd2+ 22. Nxd2 Rxc8 23. Nf3 Rc2+ 24. Kf1 Rc3 25. Ke2 e4 26. Ne5 Bxe5 27. fxe5 Nxe5 28. Rd1 Nd3 29. Kd2 Rxa3 30. Rb1 b5
31. h4 f5 32. Kc2 Kf7
0-1

[Event "Welcome Tournament For New Players #3"]
[Site "SchemingMind.com"]
[Date "2006.08.02"]
[Round "-"]
[White "Barnacle"]
[Black "rxmena"]
[Result "0-1"]
[WhiteCountry "GBR"]
[BlackCountry "EGY"]
[WhiteElo "1236"]
[WhiteRD "199"]
[BlackElo "1101"]
[BlackRD "143"]
[GameID "62143"]

1. e4 e5 2. Nf3 Nf6 3. Nxe5 d6 4. Nf3 Nxe4 5. Qe2 Qe7 6. d3 Nf6 7. Qxe7+ Bxe7 8. g3 O-O 9. b3 Re8 10. Bg2 Ng4
11. O-O Bf6 12. d4 Nc6 13. Rd1 g6 14. c3 Bg7 15. Na3 Bd7 16. Nb5 Rac8 17. Bh3 h5 18. d5 Nce5 19. Nbd4 Re7 20. Re1 Nxf3+
21. Nxf3 Rxe1+
0-1

[Event "Welcome Tournament For New Players #3"]
[Site "SchemingMind.com"]
[Date "2006.08.02"]
[Round "-"]
[White "Barnacle"]
[Black "invacuo"]
[Result "0-1"]
[WhiteCountry "GBR"]
[BlackCountry "USA"]
[WhiteElo "1245"]
[WhiteRD "192"]
[BlackElo "1523"]
[BlackRD "161"]
[GameID "62145"]

1. e4 c5 2. c4 Nc6 3. Nc3 g6 4. g3 Bg7 5. Nge2 d6 6. d3 Nf6 7. b3 Bg4 8. Qd2 Nb4 9. a3 Nc6 10. h3 Bxe2
11. Bxe2 Nd4 12. Rb1 O-O 13. a4 e5 14. Ba3 Nxe2
0-1

[Event "Welcome Tournament For New Players #3"]
[Site "SchemingMind.com"]
[Date "2006.08.02"]
[Round "-"]
[White "Barnacle"]
[Black "Coloplast"]
[Result "0-1"]
[WhiteCountry "GBR"]
[BlackCountry "SWE"]
[WhiteElo "1236"]
[WhiteRD "190"]
[BlackElo "1976"]
[BlackRD "83"]
[GameID "62146"]

1. e4 e6 2. Nf3 d5 3. Nc3 dxe4 4. Nxe4 Nc6 5. Bb5 Bd7 6. O-O Nf6 7. d3 a6 8. Bxc6 Bxc6 9. Re1 Be7 10. b3 O-O
11. Nfg5 Nxe4 12. Nxe4 Bxe4 13. Rxe4 Bf6 14. Rb1 Qd5 15. Qg4 Qa5 16. a3 Rad8 17. Bh6 Qf5 18. Qg3 Kh8 19. Rf4 Qg6 20. Qxg6 hxg6
0-1

[Event "Welcome Tournament For New Players #3"]
[Site "SchemingMind.com"]
[Date "2006.08.02"]
[Round "-"]
[White "rxmena"]
[Black "Barnacle"]
[Result "1-0"]
[WhiteCountry "EGY"]
[BlackCountry "GBR"]
[WhiteElo "1101"]
[WhiteRD "143"]
[BlackElo "1236"]
[BlackRD "199"]
[GameID "62148"]

1. a3 e5 2. b4 c5 3. Bb2 Nc6 4. b5 Nd4 5. a4 d6 6. e3 Nf5 7. Bd3 Nge7 8. Ne2 b6 9. Ng3 Nxg3 10. hxg3 Bb7
11. Kf1 g6 12. Nc3 h5 13. Ne4 Bxe4 14. Bxe4 Rb8 15. f4 Bg7 16. g4 hxg4 17. Rxh8+ Bxh8 18. g3 Qd7 19. Kf2 Nf5 20. Bc6 Qxc6
21. bxc6
1-0

[Event "Welcome Tournament For New Players #3"]
[Site "SchemingMind.com"]
[Date "2006.08.02"]
[Round "-"]
[White "invacuo"]
[Black "Barnacle"]
[Result "1-0"]
[WhiteCountry "USA"]
[BlackCountry "GBR"]
[WhiteElo "1361"]
[WhiteRD "135"]
[BlackElo "1236"]
[BlackRD "196"]
[GameID "62150"]

1. e4 e5 2. Nf3 Nc6 3. Bb5 Nd4 4. Nxd4 exd4 5. O-O c6 6. Bc4 Bd6 7. e5 Bc7 8. b3 g6 9. Re1 h5 10. Bb2 Bb6
11. Qf3 Nh6 12. a4 O-O 13. h3 d5 14. Bd3
1-0

[Event "Welcome Tournament For New Players #3"]
[Site "SchemingMind.com"]
[Date "2006.08.02"]
[Round "-"]
[White "Coloplast"]
[Black "Barnacle"]
[Result "1-0"]
[WhiteCountry "SWE"]
[BlackCountry "GBR"]
[WhiteElo "1976"]
[WhiteRD "83"]
[BlackElo "1236"]
[BlackRD "190"]
[GameID "62151"]

1. c4 e5 2. Nc3 Nc6 3. g3 Nf6 4. Bg2 Na5 5. d3 Bb4 6. Bd2 Bxc3 7. Bxc3 Nc6 8. Bxc6 dxc6 9. Bxe5 b6 10. Nf3 Bh3
11. Qa4 Qd7 12. Bxf6 gxf6 13. Nd2 Bg4 14. Ne4 Qe6 15. O-O Bxe2 16. Rfe1 f5 17. Nc3 O-O-O 18. Rxe2 Qd6 19. Qxa7 Kd7 20. Rae1
1-0

[Event "Welcome Tournament For New Players #3"]
[Site "SchemingMind.com"]
[Date "2006.08.04"]
[Round "-"]
[White "metaru"]
[Black "rxmena"]
[Result "0-1"]
[WhiteCountry "NED"]
[BlackCountry "EGY"]
[WhiteElo "1139"]
[WhiteRD "183"]
[BlackElo "1101"]
[BlackRD "139"]
[GameID "62393"]

1. e4 e5 2. Nf3 Nf6 3. Nxe5 d6 4. Nf3 Nxe4 5. d4 d5 6. Bd3 Bd6 7. O-O O-O 8. c4 c6 9. Qc2 Re8 10. Nc3 f5
0-1

[Event "Welcome Tournament For New Players #3"]
[Site "SchemingMind.com"]
[Date "2006.08.08"]
[Round "-"]
[White "Dread"]
[Black "rxmena"]
[Result "1-0"]
[WhiteCountry "GER"]
[BlackCountry "EGY"]
[WhiteElo "1820"]
[WhiteRD "136"]
[BlackElo "1226"]
[BlackRD "152"]
[GameID "62870"]

1. e4 c5 2. Nf3 e5 3. Nxe5 d5 4. exd5 Qxd5 5. Nf3 Bg4 6. Be2 Nf6 7. Nc3 Qe6 8. O-O Nc6 9. Re1 O-O-O 10. h3 Bh5
11. Nb5 h6 12. c3 a6 13. Na3 Bd6 14. d4 Qd7 15. Nc4 Bb8 16. Nb6+
1-0

[Event "Welcome Tournament For New Players #3"]
[Site "SchemingMind.com"]
[Date "2006.08.08"]
[Round "-"]
[White "Dread"]
[Black "unbreakable"]
[Result "1-0"]
[WhiteCountry "GER"]
[BlackCountry "FRA"]
[WhiteElo "1820"]
[WhiteRD "136"]
[BlackElo "1613"]
[BlackRD "138"]
[GameID "62871"]

1. e4 c5 2. Nf3 d6 3. d4 cxd4 4. Nxd4 Nf6 5. Nc3 a6 6. Be2 e5 7. Nf3 h6 8. O-O Be6 9. Nd5 Nxe4 10. Be3 Nd7
11. Bc4 b5 12. Bb3 Ndc5 13. c4 Nxb3 14. axb3 Bxd5 15. Qxd5 Nf6 16. Qc6+ Nd7 17. cxb5 Be7 18. Rxa6 Rc8 19. Qb7 O-O 20. Ra7
1-0

[Event "Welcome Tournament For New Players #3"]
[Site "SchemingMind.com"]
[Date "2006.08.08"]
[Round "-"]
[White "Dread"]
[Black "invacuo"]
[Result "1-0"]
[WhiteCountry "GER"]
[BlackCountry "USA"]
[WhiteElo "1895"]
[WhiteRD "83"]
[BlackElo "1259"]
[BlackRD "209"]
[GameID "62872"]

1. e4 c5 2. Nf3 Nc6 3. d4 e6 4. d5 exd5 5. exd5 Qe7+ 6. Be2 Nd4 7. Nxd4 cxd4 8. O-O Nf6 9. Re1 Qd6 10. Bc4+ Be7
11. Qxd4 O-O 12. Nc3 a6 13. Bg5 h6 14. Bh4 Bd8 15. Bd3 b5 16. Ne4 Bb6 17. Nxf6+ gxf6 18. Qg4+ Kh8 19. Qf5
1-0

[Event "Welcome Tournament For New Players #3"]
[Site "SchemingMind.com"]
[Date "2006.08.08"]
[Round "-"]
[White "Dread"]
[Black "Coloplast"]
[Result "1/2-1/2"]
[WhiteCountry "GER"]
[BlackCountry "SWE"]
[WhiteElo "1895"]
[WhiteRD "83"]
[BlackElo "1796"]
[BlackRD "137"]
[GameID "62873"]

1. e4 c5 2. Nf3 Nc6 3. d4 cxd4 4. Nxd4 Nf6 5. Nc3 e5 6. Ndb5 d6 7. Be3 a6 8. Na3 b5 9. Nd5 Nxe4 10. Nb6 Rb8
11. Qd5 Rxb6 12. Bxb6 Qxb6 13. Qxe4 f5 14. Qe3 Nd4 15. c3 f4 16. Qd2 Ne6 17. Nc2 Bb7 18. f3 Be7 19. O-O-O Kf7 20. Bd3= g6
21. Be4 Bxe4 22. fxe4 a5 23. Rhf1 Rc8 24. Ne3 Qc5 25. Kb1 a4 26. Nd5 Bg5 27. g3 Kg7 28. h4 Bh6 29. g4 g5 30. h5 Kf7
31. a3 Bf8 32. Qe2 h6 33. Rd3 Qc6 34. Qf3 Nc5 35. Rdd1 Nb3 36. Rf2 Be7 37. Re2 Ke6 38. Ne3 Bf8 39. Nf5 Qc4 40. Qd3 Nc5
41. Qc2 Rc6=
1/2-1/2

[Event "Welcome Tournament For New Players #3"]
[Site "SchemingMind.com"]
[Date "2006.08.08"]
[Round "-"]
[White "rxmena"]
[Black "Dread"]
[Result "0-1"]
[WhiteCountry "EGY"]
[BlackCountry "GER"]
[WhiteElo "1226"]
[WhiteRD "152"]
[BlackElo "1820"]
[BlackRD "136"]
[GameID "62877"]

1. f4 d5 2. Nf3 Bg4 3. d4 Nf6 4. Nbd2 Ne4 5. g3 Nd7 6. Bg2 e6 7. O-O h6 8. h3 Bxf3 9. Nxe4 Bxg2 10. Kxg2 dxe4
11. f5 exf5 12. Rxf5 Bd6 13. Qf1 Qe7 14. g4 g6
0-1

[Event "Welcome Tournament For New Players #3"]
[Site "SchemingMind.com"]
[Date "2006.08.12"]
[Round "-"]
[White "unbreakable"]
[Black "Dread"]
[Result "0-1"]
[WhiteCountry "FRA"]
[BlackCountry "GER"]
[WhiteElo "1613"]
[WhiteRD "138"]
[BlackElo "1820"]
[BlackRD "136"]
[GameID "62878"]

1. e4 e6 2. d4 d5 3. Nc3 Bb4 4. e5 c5 5. a3 Bxc3+ 6. bxc3 Ne7 7. Qg4 O-O 8. Bd3 c4 9. Bh6 Ng6 10. Bxg6 fxg6
11. Bg5 Qa5 12. Ne2 Nc6 13. h4 Bd7 14. h5 Rf5 15. hxg6 hxg6 16. Qh4 Raf8 17. f3 Kf7 18. Kd2 b5 19. Ng3 Nxd4 20. Nxf5 Nxf5
21. Qf4 Ke8
0-1

[Event "Welcome Tournament For New Players #3"]
[Site "SchemingMind.com"]
[Date "2006.08.08"]
[Round "-"]
[White "invacuo"]
[Black "Dread"]
[Result "0-1"]
[WhiteCountry "USA"]
[BlackCountry "GER"]
[WhiteElo "1259"]
[WhiteRD "209"]
[BlackElo "1895"]
[BlackRD "83"]
[GameID "62879"]

1. e4 e6 2. d4 d5 3. Nd2 c5 4. Ngf3 Nc6 5. Bb5 Bd7 6. c3 cxd4 7. cxd4 Bb4 8. a3 Bxd2+ 9. Bxd2 dxe4 10. Ne5 Nxe5
11. Bxd7+ Nxd7 12. O-O Ngf6 13. Rc1 O-O 14. Rc3 Nd5 15. Rg3 f5 16. Bh6 Rf7 17. Bg5 N7f6 18. f3 f4 19. Rh3 Ne3 20. Qb3 Nxf1
21. Kxf1 Qxd4 22. Bxf4 Ng4 23. Be3 Nxe3+ 24. Ke2 Nxg2 25. fxe4 Rf2#
0-1

[Event "Welcome Tournament For New Players #3"]
[Site "SchemingMind.com"]
[Date "2006.08.09"]
[Round "-"]
[White "Coloplast"]
[Black "Dread"]
[Result "0-1"]
[WhiteCountry "SWE"]
[BlackCountry "GER"]
[WhiteElo "1796"]
[WhiteRD "137"]
[BlackElo "1895"]
[BlackRD "83"]
[GameID "62880"]

1. c4 d6 2. Nc3 g6 3. g3 Bg7 4. Bg2 Nf6 5. d4 O-O 6. Nf3 c6 7. O-O Nbd7 8. b3 Qa5 9. Bb2 Qh5 10. e3 Ng4
11. Ne4 d5 12. cxd5 cxd5 13. Nc3 Nb6 14. h3 Nf6 15. g4 Nxg4 16. hxg4 Bxg4 17. e4 Bh6 18. Bc1 Rac8 19. Bxh6 Rxc3 20. Bxf8 Bxf3
21. Bxf3 Rxf3 22. Re1 Kxf8 23. e5 Qg4+ 24. Kf1 Qf5 25. Qd2 Rh3 26. Qd1 Rh2 27. Re2 Rh1+
0-1

[Event "Welcome Tournament For New Players #3"]
[Site "SchemingMind.com"]
[Date "2006.08.10"]
[Round "-"]
[White "Barnacle"]
[Black "Dread"]
[Result "0-1"]
[WhiteCountry "GBR"]
[BlackCountry "GER"]
[WhiteElo "1245"]
[WhiteRD "192"]
[BlackElo "1946"]
[BlackRD "82"]
[GameID "62881"]

1. e4 e6 2. Nf3 c5 3. c4 Nc6 4. Nc3 Nf6 5. Bd3 Nb4 6. Qe2 Be7 7. a3 Nxd3+ 8. Qxd3 Qc7 9. Nb5 Qb6 10. g3 d5
0-1

[Event "Welcome Tournament For New Players #3"]
[Site "SchemingMind.com"]
[Date "2006.08.14"]
[Round "-"]
[White "tomh"]
[Black "rxmena"]
[Result "1-0"]
[WhiteCountry "ENG"]
[BlackCountry "EGY"]
[WhiteElo "1800"]
[WhiteRD "173"]
[BlackElo "1226"]
[BlackRD "152"]
[GameID "63700"]

1. e4 d5 2. exd5 c6 3. dxc6 Nxc6 4. Nc3 e5 5. Bb5 Qd6 6. Nf3 Bg4 7. h3 Bh5 8. g4 Bg6 9. O-O h5 10. Nxe5 O-O-O
11. Nxc6 bxc6 12. Ba6+ Kc7 13. g5 Ne7 14. d3 Nd5 15. Qf3 Qd7 16. Nxd5+ cxd5 17. d4 h4 18. Qc3+ Kb6 19. Be2 Bd6 20. Qb3+ Kc7
21. Bd2
1-0

[Event "Welcome Tournament For New Players #3"]
[Site "SchemingMind.com"]
[Date "2006.08.14"]
[Round "-"]
[White "tomh"]
[Black "unbreakable"]
[Result "0-1"]
[WhiteCountry "ENG"]
[BlackCountry "FRA"]
[WhiteElo "1461"]
[WhiteRD "150"]
[BlackElo "1758"]
[BlackRD "104"]
[GameID "63701"]

1. e4 c5 2. Nf3 d6 3. d4 cxd4 4. Nxd4 Nf6 5. Nc3 a6 6. Bg5 e6 7. f4 Qb6 8. Nb3 Nbd7 9. Qf3 Qc7 10. O-O-O b5
11. Bd3 Bb7 12. Kb1 Be7 13. Rhe1 h6 14. Bh4 g5 15. Bg3 gxf4 16. Bxf4 Ne5 17. Qh3 b4 18. Bxe5 dxe5 19. Ne2 Nxe4 20. Rf1 Nf6
21. c3 bxc3 22. Nxc3 h5 23. Be2 Rd8
0-1

[Event "Welcome Tournament For New Players #3"]
[Site "SchemingMind.com"]
[Date "2006.08.14"]
[Round "-"]
[White "tomh"]
[Black "invacuo"]
[Result "0-1"]
[WhiteCountry "ENG"]
[BlackCountry "USA"]
[WhiteElo "1461"]
[WhiteRD "144"]
[BlackElo "1361"]
[BlackRD "135"]
[GameID "63702"]

1. e4 c5 2. Nf3 Nc6 3. d4 cxd4 4. Nxd4 Nf6 5. Nc3 d6 6. Bg5 e6 7. Qd2 a6 8. O-O-O Bd7 9. Nxc6 bxc6 10. Qf4 e5
0-1

[Event "Welcome Tournament For New Players #3"]
[Site "SchemingMind.com"]
[Date "2006.08.14"]
[Round "-"]
[White "tomh"]
[Black "Coloplast"]
[Result "0-1"]
[WhiteCountry "ENG"]
[BlackCountry "SWE"]
[WhiteElo "1461"]
[WhiteRD "140"]
[BlackElo "1984"]
[BlackRD "78"]
[GameID "63703"]

1. e4 c5 2. Nf3 Nc6 3. d4 cxd4 4. Nxd4 d6 5. Bb5 Bd7 6. Nxc6 bxc6 7. Bc4 Nf6 8. Nc3 Qb6 9. Rb1 g6 10. Be3 Qb4
11. Qd3 Bg7 12. a3 Qa5 13. O-O O-O 14. h3 Qc7 15. Qd2 e6 16. Bf4 e5 17. Bh6 Be6 18. Be2 d5 19. exd5 cxd5 20. Bxg7 Kxg7
21. Rfe1 a6 22. Bd3 e4 23. Bf1 Kg8 24. Qg5 Kg7
0-1

[Event "Welcome Tournament For New Players #3"]
[Site "SchemingMind.com"]
[Date "2006.08.14"]
[Round "-"]
[White "tomh"]
[Black "Dread"]
[Result "0-1"]
[WhiteCountry "ENG"]
[BlackCountry "GER"]
[WhiteElo "1800"]
[WhiteRD "173"]
[BlackElo "1820"]
[BlackRD "136"]
[GameID "63704"]

1. e4 e6 2. d4 d5 3. e5 c5 4. c3 Ne7 5. Nf3 Nbc6 6. Bd3 Nf5 7. Bxf5 exf5 8. O-O c4 9. b4 a6 10. Ba3 b5
11. Re1 Be6 12. Nbd2 a5 13. Qb1 axb4 14. Bxb4 Bxb4 15. cxb4 Ra4 16. a3 O-O 17. Qb2 Qe7 18. Rab1 Rfa8 19. Re3 f4 20. Re2 Rxa3
21. Qc2 g6 22. Ne4 dxe4 23. Qxe4 Bf5 24. Qxc6= Bxb1 25. Qxb5 Bd3 26. Re1 Ra1 27. h3 Rxe1+ 28. Nxe1 Ra1 29. Qc5 Qxc5 30. bxc5 Rxe1+
31. Kh2 Be4 32. f3 Bd5 33. e6 fxe6 34. g4 c3 35. Kg2 c2 36. h4 c1=Q 37. g5 Rh1
0-1

[Event "Welcome Tournament For New Players #3"]
[Site "SchemingMind.com"]
[Date "2006.08.14"]
[Round "-"]
[White "rxmena"]
[Black "tomh"]
[Result "0-1"]
[WhiteCountry "EGY"]
[BlackCountry "ENG"]
[WhiteElo "1226"]
[WhiteRD "152"]
[BlackElo "1800"]
[BlackRD "173"]
[GameID "63708"]

1. e4 c6 2. c3 d5 3. d4 dxe4 4. Nd2 Nf6 5. Bc4 b5 6. Bb3 c5 7. dxc5 e6 8. Ne2 Bxc5 9. Ng3 Bb7 10. O-O e3
11. fxe3 Bxe3+ 12. Kh1 O-O 13. a4 bxa4 14. Rxa4 Nbd7 15. Nde4 Nxe4 16. Bxe3 Ndc5 17. Bxc5 Nxc5 18. Rh4 Qxh4
0-1

[Event "Welcome Tournament For New Players #3"]
[Site "SchemingMind.com"]
[Date "2006.08.14"]
[Round "-"]
[White "unbreakable"]
[Black "tomh"]
[Result "1-0"]
[WhiteCountry "FRA"]
[BlackCountry "ENG"]
[WhiteElo "1816"]
[WhiteRD "98"]
[BlackElo "1461"]
[BlackRD "140"]
[GameID "63709"]

1. e4 c6 2. d4 d5 3. Nc3 dxe4 4. Nxe4 Bf5 5. Ng3 Bg6 6. Nf3 Nf6 7. Bc4 Qb6 8. h4 Qb4+ 9. Nd2 Qa4 10. b3 Qa5
11. h5 Qc3 12. hxg6 Qxa1 13. Bxf7+ Kd7 14. Nc4 Qxa2 15. Ne5+ Kc7 16. Bf4 Qa5+ 17. Kf1 Kd8 18. Bc4 Ke8 19. Nf7 Rg8 20. gxh7 Nxh7
21. Rxh7
1-0